000 00423 a2200169 4500
001 55076
020 _a
040 _cAnchieta - Pituba
100 _aCláudia Blanco
240 1 0 _a2ª Avaliação de Língua Portuguesa e Literatura
_lpor
245 1 0 _a2ª Avaliação de Língua Portuguesa e Literatura
300 _a8
362 0 _a2017
440 1 _aColégio Anchieta
650 4 _aLíngua Portuguesa
942 _cBK
999 _c55076
_d55076